Online Catalogue and eLibrary

Vrukayan athara nagnawa (Record no. 4919)

MARC details
000 -LEADER
fixed length control field 00397nam a2200157Ia 4500
005 - DATE AND TIME OF LATEST TRANSACTION
control field 20250411060705.0
008 - FIXED-LENGTH DATA ELEMENTS--GENERAL INFORMATION
fixed length control field 240331s9999 xx 000 0 und d
020 ## - INTERNATIONAL STANDARD BOOK NUMBER
ISBN 9552005833
082 ## - DDC Classification
Item Number - Author Mark PER
Class No. 891
100 ## - MAIN ENTRY--PERSONAL NAME
Personal name Perera,C.C
245 #0 - TITLE STATEMENT
Title Vrukayan athara nagnawa
260 ## - PUBLICATION, DISTRIBUTION, ETC.
Place of publication, distribution, etc. Colombo
Name of publisher, distributor, etc. Godake & Sons
Date of publication, distribution, etc. 1992
300 ## - PHYSICAL DESCRIPTION
Extent (e.g. Volumes, Pages etc.) 388 p .,
500 ## - GENERAL NOTE
General note Translation book of Naked among wolves
942 ## - Koha item type (Biblio)
Koha item type Books in Stacks (Lending)
Holdings
Lost status Damaged status Collection code Home library Current library Shelving location Date acquired Full call number Accession Number Item type
    Lending WERC Library WERC Library Social Science Cupboard 03/31/2024 891.48 PER 1505 Books in Stacks (Lending)

© WERC Library